| 000 | 00957nam a2200253 a 4500 | ||
|---|---|---|---|
| 001 | 000016800 | ||
| 005 | 20200929164950.0 | ||
| 008 | 100310s1977 dr 000 0 spa d | ||
| 040 |
_aDO-SdBNP _bspa _cBNPHU |
||
| 082 |
_a371.822 _bM528p |
||
| 100 | 1 |
_aMelo de Cardona, Ligia A. _937226 |
|
| 245 | 1 | 0 |
_aParticipación de la mujer en la educación sistemática en la República Dominicana / _cLigia A. Melo de Cardona. |
| 260 |
_aSanto Domingo : _bUASD, _c1977. |
||
| 300 |
_av. ; _c21 cm. |
||
| 490 | 1 |
_aUASD crítica, no. 19 _vv. 238 |
|
| 500 | _aIncluye datos biográficos de la autora en la contracubierta | ||
| 500 | _aLa biblioteca posee el v. 238 | ||
| 504 | _aIncluye bibliografías [p.15] | ||
| 650 | 4 |
_aEducación de la mujer _zRepública Dominicana _98402 |
|
| 650 | 4 |
_aMujer _xEducación _zRepública Dominicana _937227 |
|
| 650 | 4 |
_aEducación _zRepública Dominicana _9737 |
|
| 830 | 0 |
_aUASD crítica, no. 19 _nv. 238 _937228 |
|
| 049 | _aBNPD | ||
| 999 |
_c16332 _d16332 |
||